[Event "Turkish Cup 2022"]
[Site "Sakarya"]
[Date "2022.03.27"]
[Round "4.34"]
[White "Kayan, Veli"]
[Black "Gursu, Sungur"]
[Result "0-1"]
[WhiteElo "1915"]
[BlackElo "1562"]
[Annotator "NA"]
[PlyCount "78"]
[EventDate "2022.03.25"]
[EventType "swiss"]
[EventCountry "TUR"]
[SourceTitle "playchess.com"]
[Source "ChessBase"]
[SourceQuality "1"]
[TimeControl "5400+30"]

1. Nf3 {[%emt 0:02:00]} d5 {[%emt 0:01:00]} 2. g3 {[%emt 0:00:30]} c5 {[%emt 0:01:30]} 3. Bg2 {[%emt 0:00:30]} Nc6 {[%emt 0:00:30]} 4. O-O {[%emt 0:00:00]} Nf6 {[%emt 0:00:00]} 5. d3 {[%emt 0:00:00]} Bg4 {[%emt 0:00:00]} 6. c3 {[%emt 0:01:30]} e5 {[%emt 0:02:30]} 7. Bg5 {[%emt 0:02:30]} Be7 {[%emt 0:02:30]} 8. Bxf6 {[%emt 0:00:30]} Bxf6 {[%emt 0:00:30]} 9. Nbd2 {[%emt 0:00:30]} h5 {[%emt 0:04:30]} 10. e4 {[%emt 0:05:30]} d4 {[%emt 0:01:30]} 11. h3 {[%emt 0:03:30]} Be6 {[%emt 0:07:30]} 12. Nb3 {[%emt 0:06:30]} Qb6 {[%emt 0:20:30]} 13. Nfd2 {[%emt 0:04:30]} dxc3 {[%emt 0:07:30]} 14. bxc3 {[%emt 0:00:00]} O-O-O {[%emt 0:00:30]} 15. Qc2 {[%emt 0:04:00]} Qb5 {[%emt 0:11:30]} 16. d4 {[%emt 0:21:30]} exd4 {[%emt 0:07:30]} 17. a4 {[%emt 0:01:30]} Qe2 {[%emt 0:03:30]} 18. Nxc5 {[%emt 0:15:30]} dxc3 {[%emt 0:02:30]} 19. Qb1 {[%emt 0:00:30]} b6 {[%emt 0:01:30]} 20. e5 {[%emt 0:02:30]} Qxe5 {[%emt 0:06:46]} 21. Nde4 {[%emt 0:04:30]} bxc5 {[%emt 0:05:47]} 22. Nxf6 {[%emt 0:02:30]} Nb4 {[%emt 0:00:02]} 23. Ne4 {[%emt 0:04:00]} f5 {[%emt 0:03:02]} 24. Ng5 {[%emt 0:02:29]} c2 {[%emt 0:00:49]} 25. Qc1 {[%emt 0:00:18]} Bb3 {[%emt 0:00:12]} 26. Re1 {[%emt 0:03:28]} Rd1 {[%emt 0:01:00]} 27. Nf3 {[%emt 0:10:16]} Rxc1 {[%emt 0:03:07]} 28. Nxe5 {[%emt 0:00:30]} Rxe1+ {[%emt 0:00:30]} 29. Rxe1 {[%emt 0:00:30]} Re8 {[%emt 0:00:00]} 30. f4 {[%emt 0:02:50]} Nd3 {[%emt 0:00:00]} 31. Ra1 {[%emt 0:01:00]} c1=Q+ {[%emt 0:00:04]} 32. Rxc1 {[%emt 0:00:30]} Nxc1 {[%emt 0:00:00]} 33. Kf2 {[%emt 0:00:00]} c4 {[%emt 0:00:22]} 34. Bc6 {[%emt 0:00:00]} Rxe5 {[%emt 0:01:26]} 35. fxe5 {[%emt 0:00:00]} Nd3+ {[%emt 0:00:21]} 36. Ke3 {[%emt 0:00:17]} Nxe5 {[%emt 0:00:00]} 37. Be8 {[%emt 0:00:23]} c3 {[%emt 0:00:00]} 38. Bxh5 {[%emt 0:00:47]} c2 {[%emt 0:00:18]} 39. Kd2 {[%emt 0:00:30]} Nd3 {[%emt 0:00:00]} 0-1

[Event "Turkish Cup 2022"]
[Site "Sakarya"]
[Date "2022.03.27"]
[Round "4.35"]
[White "Celik, Ege Yigit"]
[Black "Arcasoy, Tugrul"]
[Result "0-1"]
[WhiteElo "1466"]
[BlackElo "1883"]
[Annotator "NA"]
[PlyCount "106"]
[EventDate "2022.03.25"]
[EventType "swiss"]
[EventCountry "TUR"]
[SourceTitle "playchess.com"]
[Source "ChessBase"]
[SourceQuality "1"]
[TimeControl "5400+30"]

1. c4 {[%emt 0:01:00]} e5 {[%emt 0:02:00]} 2. d3 {[%emt 0:00:00]} Nf6 {[%emt 0:00:00]} 3. Nf3 {[%emt 0:00:00]} Nc6 {[%emt 0:01:00]} 4. a3 {[%emt 0:00:30]} d5 {[%emt 0:01:30]} 5. cxd5 {[%emt 0:00:30]} Nxd5 {[%emt 0:00:30]} 6. Nc3 {[%emt 0:00:30]} Be7 {[%emt 0:01:30]} 7. g3 {[%emt 0:00:30]} Be6 {[%emt 0:03:30]} 8. Bg2 {[%emt 0:00:30]} O-O {[%emt 0:07:30]} 9. O-O {[%emt 0:01:30]} Qd7 {[%emt 0:04:30]} 10. Bd2 {[%emt 0:03:30]} f6 {[%emt 0:12:30]} 11. Rc1 {[%emt 0:03:30]} Rab8 {[%emt 0:13:30]} 12. Ne4 {[%emt 0:02:30]} Rfc8 {[%emt 0:02:30]} 13. Qc2 {[%emt 0:23:30]} g5 {[%emt 0:11:30]} 14. e3 {[%emt 0:20:30]} Rd8 {[%emt 0:08:30]} 15. Nc5 {[%emt 0:06:30]} Bxc5 {[%emt 0:00:30]} 16. Qxc5 {[%emt 0:00:00]} Nde7 {[%emt 0:06:30]} 17. Ne1 {[%emt 0:08:00]} Bd5 {[%emt 0:04:37]} 18. e4 {[%emt 0:14:36]} Be6 {[%emt 0:00:56]} 19. Be3 {[%emt 0:00:14]} a6 {[%emt 0:03:24]} 20. Qc3 {[%emt 0:01:42]} Rbc8 {[%emt 0:00:35]} 21. Rd1 {[%emt 0:00:55]} Nd4 {[%emt 0:04:26]} 22. Qd2 {[%emt 0:02:29]} Ng6 {[%emt 0:01:12]} 23. b4 {[%emt 0:06:05]} Kh8 {[%emt 0:03:23]} 24. Qb2 {[%emt 0:00:29]} c5 {[%emt 0:01:19]} 25. bxc5 {[%emt 0:02:33]} Rxc5 {[%emt 0:01:02]} 26. Bxd4 {[%emt 0:00:33]} Rb5 {[%emt 0:00:00]} 27. Bxe5 {[%emt 0:00:40]} Rxb2 {[%emt 0:00:31]} 28. Bxf6+ {[%emt 0:00:04]} Kg8 {[%emt 0:00:26]} 29. Bxb2 {[%emt 0:00:01]} Qb5 {[%emt 0:02:08]} 30. Ba1 {[%emt 0:00:53]} g4 {[%emt 0:00:45]} 31. Nc2 {[%emt 0:00:53]} Bb3 {[%emt 0:01:07]} 32. Rb1 {[%emt 0:00:45]} Qxd3 {[%emt 0:00:47]} 33. Nd4 {[%emt 0:00:24]} Rxd4 {[%emt 0:01:11]} 34. Bxd4 {[%emt 0:00:14]} Bc2 {[%emt 0:00:50]} 35. Rbc1 {[%emt 0:00:15]} b5 {[%emt 0:00:25]} 36. Bc5 {[%emt 0:01:00]} Ne5 {[%emt 0:00:08]} 37. Rfe1 {[%emt 0:00:07]} a5 {[%emt 0:00:18]} 38. Kh1 {[%emt 0:01:06]} Qc4 {[%emt 0:00:34]} 39. Be3 {[%emt 0:00:31]} b4 {[%emt 0:00:45]} 40. Bf4 {[%emt 0:00:21]} Nd3 {[%emt 0:00:07]} 41. Bf1 {[%emt 0:00:30]} Qc3 {[%emt 0:00:00]} 42. Bxd3 {[%emt 0:00:51]} Qxd3 {[%emt 0:00:00]} 43. axb4 {[%emt 0:00:28]} axb4 {[%emt 0:00:10]} 44. Re3 {[%emt 0:00:13]} Qc4 {[%emt 0:00:31]} 45. Ree1 {[%emt 0:00:36]} b3 {[%emt 0:00:46]} 46. Be5 {[%emt 0:00:09]} Qc5 {[%emt 0:00:00]} 47. Bb2 {[%emt 0:00:40]} Qxf2 {[%emt 0:00:38]} 48. e5 {[%emt 0:00:26]} Bf5 {[%emt 0:02:29]} 49. e6 {[%emt 0:00:40]} Qxb2 {[%emt 0:01:13]} 50. Rc8+ {[%emt 0:00:30]} Kg7 {[%emt 0:00:30]} 51. e7 {[%emt 0:00:07]} Bxc8 {[%emt 0:00:00]} 52. e8=Q {[%emt 0:01:13]} Bb7+ {[%emt 0:00:24]} 53. Re4 {[%emt 0:00:30]} Qb1+ {[%emt 0:00:00]} 0-1

[Event "Turkish Cup 2022"]
[Site "Sakarya"]
[Date "2022.03.27"]
[Round "4.36"]
[White "Unesi, Erdal"]
[Black "Kaban, Mahmut"]
[Result "1-0"]
[WhiteElo "1861"]
[BlackElo "1525"]
[Annotator "NA"]
[PlyCount "107"]
[EventDate "2022.03.25"]
[EventType "swiss"]
[EventCountry "TUR"]
[SourceTitle "playchess.com"]
[Source "ChessBase"]
[SourceQuality "1"]
[TimeControl "5400+30"]

1. d4 {[%emt 0:02:00]} Nf6 {[%emt 0:01:00]} 2. c4 {[%emt 0:00:30]} e6 {[%emt 0:00:00]} 3. Nc3 {[%emt 0:00:30]} Bb4 {[%emt 0:00:00]} 4. Bg5 {[%emt 0:00:30]} c5 {[%emt 0:03:30]} 5. a3 {[%emt 0:06:30]} Bxc3+ {[%emt 0:06:30]} 6. bxc3 {[%emt 0:00:30]} Qa5 {[%emt 0:08:30]} 7. Bd2 {[%emt 0:00:30]} Nc6 {[%emt 0:01:30]} 8. Nf3 {[%emt 0:00:30]} Ne4 {[%emt 0:14:30]} 9. e3 {[%emt 0:07:30]} Nxd2 {[%emt 0:00:30]} 10. Qxd2 {[%emt 0:00:30]} d6 {[%emt 0:01:30]} 11. Be2 {[%emt 0:05:30]} e5 {[%emt 0:03:30]} 12. O-O {[%emt 0:08:30]} O-O {[%emt 0:00:30]} 13. Rfb1 {[%emt 0:03:30]} Qc7 {[%emt 0:02:30]} 14. h3 {[%emt 0:27:30]} f5 {[%emt 0:05:30]} 15. dxe5 {[%emt 0:01:30]} dxe5 {[%emt 0:07:30]} 16. Qd5+ {[%emt 0:00:30]} Kh8 {[%emt 0:00:30]} 17. Qxc5 {[%emt 0:01:30]} Be6 {[%emt 0:00:30]} 18. Qb5 {[%emt 0:01:30]} Rab8 {[%emt 0:00:30]} 19. a4 {[%emt 0:04:30]} h6 {[%emt 0:03:30]} 20. a5 {[%emt 0:01:30]} f4 {[%emt 0:02:30]} 21. exf4 {[%emt 0:03:30]} Rxf4 {[%emt 0:01:30]} 22. Qc5 {[%emt 0:01:30]} Rbf8 {[%emt 0:01:30]} 23. Rf1 {[%emt 0:06:57]} Rxf3 {[%emt 0:22:20]} 24. Bxf3 {[%emt 0:00:40]} Rxf3 {[%emt 0:00:06]} 25. gxf3 {[%emt 0:00:00]} Bxh3 {[%emt 0:05:54]} 26. Qf8+ {[%emt 0:00:25]} Kh7 {[%emt 0:00:30]} 27. Rfd1 {[%emt 0:01:47]} Ne7 {[%emt 0:04:24]} 28. Qf7 {[%emt 0:01:35]} Qc5 {[%emt 0:00:46]} 29. Qh5 {[%emt 0:02:38]} Bf5 {[%emt 0:00:52]} 30. Qh4 {[%emt 0:01:53]} Ng6 {[%emt 0:00:40]} 31. Qh5 {[%emt 0:03:15]} Be6 {[%emt 0:00:06]} 32. Re1 {[%emt 0:00:33]} Bxc4 {[%emt 0:02:15]} 33. Re4 {[%emt 0:00:16]} Bd3 {[%emt 0:00:00]} 34. Re3 {[%emt 0:00:45]} Qc4 {[%emt 0:00:58]} 35. Rd1 {[%emt 0:01:24]} Bc2 {[%emt 0:00:51]} 36. Rd2 {[%emt 0:00:45]} Qa4 {[%emt 0:00:26]} 37. Qg4 {[%emt 0:00:50]} Qa1+ {[%emt 0:00:49]} 38. Kh2 {[%emt 0:00:14]} Qc1 {[%emt 0:00:31]} 39. Rde2 {[%emt 0:01:24]} Nf4 {[%emt 0:00:22]} 40. Re1 {[%emt 0:02:37]} Qd2 {[%emt 0:00:07]} 41. Qg3 {[%emt 0:00:13]} Nd3 {[%emt 0:00:34]} 42. R1e2 {[%emt 0:00:20]} Qxc3 {[%emt 0:00:43]} 43. Qg4 {[%emt 0:00:29]} Qc7 {[%emt 0:00:16]} 44. Rxc2 {[%emt 0:00:55]} Qxc2 {[%emt 0:00:15]} 45. Qe4+ {[%emt 0:00:00]} Kg8 {[%emt 0:01:16]} 46. Qxd3 {[%emt 0:00:01]} Qxf2+ {[%emt 0:00:20]} 47. Kh3 {[%emt 0:00:48]} Qg1 {[%emt 0:00:02]} 48. Qe2 {[%emt 0:00:47]} Qh1+ {[%emt 0:01:24]} 49. Qh2 {[%emt 0:00:19]} Qf1+ {[%emt 0:00:00]} 50. Qg2 {[%emt 0:00:26]} Qc1 {[%emt 0:00:42]} 51. Rxe5 {[%emt 0:00:25]} Qc8+ {[%emt 0:00:34]} 52. Qg4 {[%emt 0:00:07]} Qc2 {[%emt 0:00:16]} 53. Qe4 {[%emt 0:01:00]} Qc8+ {[%emt 0:00:30]} 54. Kg2 {[%emt 0:00:00]} 1-0

[Event "Turkish Cup 2022"]
[Site "Sakarya"]
[Date "2022.03.27"]
[Round "4.37"]
[White "Anacak, Hasan Gunes"]
[Black "Kandaz, Berat Efe"]
[Result "0-1"]
[WhiteElo "1798"]
[BlackElo "1519"]
[Annotator "NA"]
[PlyCount "54"]
[EventDate "2022.03.25"]
[EventType "swiss"]
[EventCountry "TUR"]
[SourceTitle "playchess.com"]
[Source "ChessBase"]
[SourceQuality "1"]
[TimeControl "5400+30"]

1. e4 {[%emt 0:02:00]} e5 {[%emt 0:01:00]} 2. Nf3 {[%emt 0:05:30]} Nc6 {[%emt 0:00:30]} 3. Bc4 {[%emt 0:00:30]} Bc5 {[%emt 0:00:30]} 4. c3 {[%emt 0:01:30]} Nf6 {[%emt 0:00:30]} 5. d3 {[%emt 0:00:30]} O-O {[%emt 0:00:30]} 6. O-O {[%emt 0:00:30]} d5 {[%emt 0:01:30]} 7. exd5 {[%emt 0:00:30]} Nxd5 {[%emt 0:00:30]} 8. Re1 {[%emt 0:00:30]} Bg4 {[%emt 0:03:30]} 9. h3 {[%emt 0:00:30]} Bh5 {[%emt 0:01:30]} 10. Nbd2 {[%emt 0:00:30]} Nb6 {[%emt 0:03:30]} 11. Bb5 {[%emt 0:09:30]} Bd6 {[%emt 0:04:30]} 12. Ne4 {[%emt 0:04:30]} f5 {[%emt 0:06:30]} 13. Bxc6 {[%emt 0:17:30]} bxc6 {[%emt 0:00:30]} 14. Ng3 {[%emt 0:01:30]} Bxf3 {[%emt 0:06:30]} 15. Qxf3 {[%emt 0:00:30]} Qd7 {[%emt 0:01:30]} 16. Rd1 {[%emt 0:13:30]} Rae8 {[%emt 0:09:30]} 17. c4 {[%emt 0:09:30]} e4 {[%emt 0:14:30]} 18. dxe4 {[%emt 0:02:30]} fxe4 {[%emt 0:00:30]} 19. Qe2 {[%emt 0:03:30]} Qe6 {[%emt 0:15:30]} 20. b3 {[%emt 0:13:15]} e3 {[%emt 0:03:30]} 21. Qxe3 {[%emt 0:00:14]} Qf6 {[%emt 0:04:30]} 22. Qd2 {[%emt 0:10:07]} Qxa1 {[%emt 0:01:23]} 23. Bb2 {[%emt 0:00:09]} Qxa2 {[%emt 0:01:19]} 24. c5 {[%emt 0:00:04]} Bf4 {[%emt 0:01:55]} 25. Qc2 {[%emt 0:01:18]} Be5 {[%emt 0:02:11]} 26. cxb6 {[%emt 0:00:37]} Qxb2 {[%emt 0:00:57]} 27. Qc4+ {[%emt 0:00:30]} Kh8 {[%emt 0:00:19]} 0-1

[Event "Turkish Cup 2022"]
[Site "Sakarya"]
[Date "2022.03.27"]
[Round "4.38"]
[White "Ozcan, Kadir Kutay"]
[Black "Dolek, Gokalp Deniz"]
[Result "0-1"]
[WhiteElo "1878"]
[BlackElo "1520"]
[Annotator "NA"]
[PlyCount "122"]
[EventDate "2022.03.25"]
[EventType "swiss"]
[EventCountry "TUR"]
[SourceTitle "playchess.com"]
[Source "ChessBase"]
[SourceQuality "1"]
[TimeControl "5400+30"]

1. e4 {[%emt 0:10:00]} e6 {[%emt 0:01:00]} 2. b3 {[%emt 0:00:30]} d5 {[%emt 0:00:30]} 3. Bb2 {[%emt 0:00:00]} Nf6 {[%emt 0:01:30]} 4. Nc3 {[%emt 0:00:00]} dxe4 {[%emt 0:01:30]} 5. g4 {[%emt 0:00:30]} Bd7 {[%emt 0:00:00]} 6. g5 {[%emt 0:01:30]} Nd5 {[%emt 0:00:00]} 7. Nxe4 {[%emt 0:00:00]} Bc6 {[%emt 0:00:00]} 8. Bg2 {[%emt 0:05:00]} Nf4 {[%emt 0:03:00]} 9. Bf3 {[%emt 0:00:30]} Nd7 {[%emt 0:04:30]} 10. h4 {[%emt 0:08:30]} Nb6 {[%emt 0:11:30]} 11. Ne2 {[%emt 0:01:30]} Nbd5 {[%emt 0:03:30]} 12. Be5 {[%emt 0:10:30]} Ng6 {[%emt 0:01:30]} 13. Bg3 {[%emt 0:00:30]} Bd6 {[%emt 0:01:30]} 14. Nxd6+ {[%emt 0:05:30]} cxd6 {[%emt 0:00:30]} 15. d4 {[%emt 0:04:30]} Nge7 {[%emt 0:03:30]} 16. c4 {[%emt 0:05:30]} Nb4 {[%emt 0:00:30]} 17. Bxc6+ {[%emt 0:00:00]} Nbxc6 {[%emt 0:00:30]} 18. Qd2 {[%emt 0:03:00]} d5 {[%emt 0:07:30]} 19. Rd1 {[%emt 0:03:30]} Rc8 {[%emt 0:04:30]} 20. Bf4 {[%emt 0:04:30]} dxc4 {[%emt 0:10:30]} 21. bxc4 {[%emt 0:00:30]} Na5 {[%emt 0:00:30]} 22. c5 {[%emt 0:01:30]} Qd5 {[%emt 0:00:30]} 23. Rg1 {[%emt 0:09:30]} Nac6 {[%emt 0:01:30]} 24. Nc3 {[%emt 0:03:30]} Qc4 {[%emt 0:04:30]} 25. Ne4 {[%emt 0:02:30]} Nf5 {[%emt 0:00:30]} 26. Nd6+ {[%emt 0:00:30]} Nxd6 {[%emt 0:02:30]} 27. Bxd6 {[%emt 0:00:30]} Nb4 {[%emt 0:00:30]} 28. f4 {[%emt 0:02:59]} Rc6 {[%emt 0:05:30]} 29. Rg3 {[%emt 0:04:25]} Ra6 {[%emt 0:11:30]} 30. a3 {[%emt 0:01:10]} Nd5 {[%emt 0:04:36]} 31. Rb1 {[%emt 0:05:51]} b6 {[%emt 0:04:57]} 32. Rc1 {[%emt 0:06:30]} Qb5 {[%emt 0:01:13]} 33. Qe2 {[%emt 0:01:18]} Qxe2+ {[%emt 0:01:43]} 34. Kxe2 {[%emt 0:00:30]} Kd7 {[%emt 0:00:00]} 35. Rb3 {[%emt 0:00:20]} Rc8 {[%emt 0:00:24]} 36. Kf3 {[%emt 0:00:34]} Ra4 {[%emt 0:00:24]} 37. Ke4 {[%emt 0:00:45]} g6 {[%emt 0:01:01]} 38. Kd3 {[%emt 0:00:31]} Rc6 {[%emt 0:01:15]} 39. cxb6 {[%emt 0:00:33]} axb6 {[%emt 0:00:19]} 40. Rxc6 {[%emt 0:00:23]} Kxc6 {[%emt 0:00:30]} 41. Be5 {[%emt 0:00:30]} b5 {[%emt 0:00:30]} 42. Ke4 {[%emt 0:00:30]} Rc4 {[%emt 0:00:30]} 43. h5 {[%emt 0:00:26]} gxh5 {[%emt 0:01:00]} 44. Kd3 {[%emt 0:00:39]} Rc1 {[%emt 0:00:20]} 45. Rb2 {[%emt 0:00:32]} Rc3+ {[%emt 0:00:42]} 46. Kd2 {[%emt 0:00:30]} h4 {[%emt 0:00:00]} 47. Ke2 {[%emt 0:00:29]} h3 {[%emt 0:00:12]} 48. Kf2 {[%emt 0:00:48]} Rxa3 {[%emt 0:00:24]} 49. f5 {[%emt 0:00:04]} b4 {[%emt 0:00:21]} 50. fxe6 {[%emt 0:00:50]} fxe6 {[%emt 0:00:30]} 51. Kg1 {[%emt 0:00:30]} Rc3 {[%emt 0:00:13]} 52. Kf2 {[%emt 0:00:42]} b3 {[%emt 0:00:15]} 53. Ke1 {[%emt 0:00:14]} Kb5 {[%emt 0:00:11]} 54. Kd2 {[%emt 0:00:18]} Kc4 {[%emt 0:00:06]} 55. Kd1 {[%emt 0:00:30]} Ne3+ {[%emt 0:00:47]} 56. Ke2 {[%emt 0:00:15]} Nc2 {[%emt 0:00:37]} 57. d5 {[%emt 0:00:44]} Re3+ {[%emt 0:00:30]} 58. Kd2 {[%emt 0:00:30]} Rxe5 {[%emt 0:00:06]} 59. dxe6 {[%emt 0:00:00]} Rxe6 {[%emt 0:00:30]} 60. g6 {[%emt 0:00:00]} Rxg6 {[%emt 0:00:00]} 61. Kc1 {[%emt 0:00:03]} h2 {[%emt 0:00:00]} 0-1

[Event "Turkish Cup 2022"]
[Site "Sakarya"]
[Date "2022.03.27"]
[Round "4.39"]
[White "Avsar, Gediz"]
[Black "Kilic, Cihan"]
[Result "1-0"]
[WhiteElo "1506"]
[BlackElo "1874"]
[Annotator "NA"]
[PlyCount "85"]
[EventDate "2022.03.25"]
[EventType "swiss"]
[EventCountry "TUR"]
[SourceTitle "playchess.com"]
[Source "ChessBase"]
[SourceQuality "1"]
[TimeControl "5400+30"]

1. e4 {[%emt 0:01:00]} c6 {[%emt 0:06:00]} 2. d4 {[%emt 0:00:30]} d5 {[%emt 0:00:30]} 3. exd5 {[%emt 0:00:30]} cxd5 {[%emt 0:00:00]} 4. Bd3 {[%emt 0:00:00]} Nc6 {[%emt 0:00:00]} 5. c3 {[%emt 0:00:00]} e6 {[%emt 0:00:00]} 6. Bf4 {[%emt 0:00:00]} Bd6 {[%emt 0:00:00]} 7. Bxd6 {[%emt 0:00:00]} Qxd6 {[%emt 0:00:00]} 8. Nf3 {[%emt 0:00:30]} Nge7 {[%emt 0:00:00]} 9. O-O {[%emt 0:00:30]} f6 {[%emt 0:00:00]} 10. Nbd2 {[%emt 0:11:30]} O-O {[%emt 0:00:00]} 11. Re1 {[%emt 0:02:30]} e5 {[%emt 0:01:30]} 12. dxe5 {[%emt 0:02:30]} Nxe5 {[%emt 0:07:30]} 13. Be2 {[%emt 0:02:30]} Be6 {[%emt 0:02:30]} 14. Nb3 {[%emt 0:02:30]} N7g6 {[%emt 0:01:30]} 15. Nbd4 {[%emt 0:02:30]} Bf7 {[%emt 0:00:30]} 16. Qc2 {[%emt 0:04:30]} Rad8 {[%emt 0:01:30]} 17. Rad1 {[%emt 0:01:30]} Qc5 {[%emt 0:00:30]} 18. Bf1 {[%emt 0:13:30]} Rfe8 {[%emt 0:00:30]} 19. Qd2 {[%emt 0:05:30]} a6 {[%emt 0:02:30]} 20. Re3 {[%emt 0:08:30]} b5 {[%emt 0:04:30]} 21. Rde1 {[%emt 0:02:30]} Qb6 {[%emt 0:09:30]} 22. g3 {[%emt 0:02:30]} Rd7 {[%emt 0:05:30]} 23. Bh3 {[%emt 0:03:30]} Rde7 {[%emt 0:01:30]} 24. Kg2 {[%emt 0:06:30]} Nc4 {[%emt 0:07:30]} 25. Rxe7 {[%emt 0:00:00]} Nxd2 {[%emt 0:01:30]} 26. Rxe8+ {[%emt 0:00:00]} Bxe8 {[%emt 0:00:30]} 27. Rxe8+ {[%emt 0:00:30]} Kf7 {[%emt 0:00:30]} 28. Re6 {[%emt 0:00:30]} Qa5 {[%emt 0:00:30]} 29. Nxd2 {[%emt 0:01:30]} Qxa2 {[%emt 0:00:30]} 30. Rc6 {[%emt 0:02:30]} Ne5 {[%emt 0:04:30]} 31. Rc7+ {[%emt 0:02:30]} Ke8 {[%emt 0:00:30]} 32. Be6 {[%emt 0:04:13]} Kd8 {[%emt 0:04:30]} 33. Rc5 {[%emt 0:03:09]} Qxb2 {[%emt 0:02:30]} 34. Nf5 {[%emt 0:02:03]} Nd7 {[%emt 0:03:30]} 35. Rxd5 {[%emt 0:00:14]} Kc7 {[%emt 0:00:30]} 36. Rxd7+ {[%emt 0:00:40]} Kb6 {[%emt 0:00:00]} 37. Rd6+ {[%emt 0:00:59]} Kc7 {[%emt 0:00:00]} 38. Ne4 {[%emt 0:01:36]} Qe2 {[%emt 0:01:30]} 39. Rc6+ {[%emt 0:03:28]} Kb7 {[%emt 0:00:30]} 40. Nc5+ {[%emt 0:00:09]} Kb8 {[%emt 0:01:30]} 41. Nxa6+ {[%emt 0:02:02]} Ka8 {[%emt 0:00:30]} 42. Bd5 {[%emt 0:01:25]} Ka7 {[%emt 0:00:00]} 43. Nd4 {[%emt 0:00:17]} 1-0

[Event "Turkish Cup 2022"]
[Site "Sakarya"]
[Date "2022.03.27"]
[Round "4.40"]
[White "Topuz, Mirac Melih"]
[Black "Karadag, Eflatun Cem"]
[Result "1/2-1/2"]
[WhiteElo "1515"]
[BlackElo "1800"]
[Annotator "NA"]
[PlyCount "153"]
[EventDate "2022.03.25"]
[EventType "swiss"]
[EventCountry "TUR"]
[SourceTitle "playchess.com"]
[Source "ChessBase"]
[SourceQuality "1"]
[TimeControl "5400+30"]

1. d4 {[%emt 0:01:00]} Nf6 {[%emt 0:02:00]} 2. Nf3 {[%emt 0:00:00]} d6 {[%emt 0:01:30]} 3. b3 {[%emt 0:00:00]} Nbd7 {[%emt 0:01:30]} 4. Bb2 {[%emt 0:00:30]} g6 {[%emt 0:01:30]} 5. g3 {[%emt 0:02:30]} Bg7 {[%emt 0:00:30]} 6. Bg2 {[%emt 0:00:00]} O-O {[%emt 0:02:30]} 7. O-O {[%emt 0:00:00]} e5 {[%emt 0:02:30]} 8. dxe5 {[%emt 0:02:30]} Ng4 {[%emt 0:00:30]} 9. Kh1 {[%emt 0:01:30]} Re8 {[%emt 0:02:30]} 10. Nbd2 {[%emt 0:07:30]} Ngxe5 {[%emt 0:05:30]} 11. Nxe5 {[%emt 0:06:30]} Nxe5 {[%emt 0:03:30]} 12. Ne4 {[%emt 0:03:30]} d5 {[%emt 0:06:30]} 13. f4 {[%emt 0:11:30]} dxe4 {[%emt 0:12:30]} 14. Qxd8 {[%emt 0:06:30]} Rxd8 {[%emt 0:00:30]} 15. fxe5 {[%emt 0:00:30]} Bf5 {[%emt 0:02:30]} 16. g4 {[%emt 0:08:30]} Bxg4 {[%emt 0:02:30]} 17. Bxe4 {[%emt 0:00:00]} c6 {[%emt 0:03:30]} 18. Bd3 {[%emt 0:08:00]} Be6 {[%emt 0:09:30]} 19. Rf2 {[%emt 0:04:30]} Rd7 {[%emt 0:04:30]} 20. Raf1 {[%emt 0:01:30]} Re8 {[%emt 0:07:30]} 21. Kg2 {[%emt 0:02:30]} b5 {[%emt 0:03:30]} 22. Rf4 {[%emt 0:08:30]} Bd5+ {[%emt 0:02:30]} 23. e4 {[%emt 0:03:30]} Be6 {[%emt 0:00:30]} 24. Bc3 {[%emt 0:01:44]} a6 {[%emt 0:02:30]} 25. a4 {[%emt 0:00:53]} Rb7 {[%emt 0:02:52]} 26. axb5 {[%emt 0:01:03]} axb5 {[%emt 0:00:30]} 27. Ra1 {[%emt 0:00:30]} c5 {[%emt 0:01:56]} 28. Rff1 {[%emt 0:02:24]} c4 {[%emt 0:00:19]} 29. bxc4 {[%emt 0:00:54]} bxc4 {[%emt 0:01:08]} 30. Be2 {[%emt 0:00:17]} h5 {[%emt 0:03:32]} 31. Rfb1 {[%emt 0:01:00]} Reb8 {[%emt 0:01:14]} 32. Rxb7 {[%emt 0:01:51]} Rxb7 {[%emt 0:01:52]} 33. Ra4 {[%emt 0:02:20]} Rc7 {[%emt 0:01:07]} 34. Kf2 {[%emt 0:02:42]} Kh7 {[%emt 0:02:17]} 35. Ke3 {[%emt 0:00:52]} Kh6 {[%emt 0:01:32]} 36. Kd4 {[%emt 0:01:49]} Kg5 {[%emt 0:00:54]} 37. Ra1 {[%emt 0:03:55]} Rd7+ {[%emt 0:01:24]} 38. Ke3 {[%emt 0:00:43]} Bf8 {[%emt 0:00:25]} 39. Rg1+ {[%emt 0:01:16]} Kh6 {[%emt 0:00:42]} 40. Bd4 {[%emt 0:00:30]} Be7 {[%emt 0:00:00]} 41. c3 {[%emt 0:01:25]} Bg5+ {[%emt 0:00:17]} 42. Kf2 {[%emt 0:02:04]} Rb7 {[%emt 0:00:11]} 43. Be3 {[%emt 0:00:25]} Bxe3+ {[%emt 0:00:53]} 44. Kxe3 {[%emt 0:00:30]} Rb2 {[%emt 0:00:30]} 45. Ra1 {[%emt 0:00:30]} Rc2 {[%emt 0:00:30]} 46. Ra3 {[%emt 0:00:30]} Kg5 {[%emt 0:00:30]} 47. h3 {[%emt 0:01:30]} Kh4 {[%emt 0:00:13]} 48. Bf1 {[%emt 0:00:24]} Rc1 {[%emt 0:01:02]} 49. Be2 {[%emt 0:00:44]} Kxh3 {[%emt 0:00:27]} 50. Kd4 {[%emt 0:00:16]} Kg3 {[%emt 0:01:18]} 51. Bxc4 {[%emt 0:01:21]} Rd1+ {[%emt 0:00:15]} 52. Kc5 {[%emt 0:00:31]} Bxc4 {[%emt 0:00:26]} 53. Kxc4 {[%emt 0:00:01]} Rd7 {[%emt 0:00:54]} 54. Ra6 {[%emt 0:00:21]} Re7 {[%emt 0:01:06]} 55. Kd5 {[%emt 0:00:30]} h4 {[%emt 0:00:00]} 56. Rf6 {[%emt 0:00:57]} h3 {[%emt 0:00:21]} 57. e6 {[%emt 0:00:32]} fxe6+ {[%emt 0:00:29]} 58. Kd6 {[%emt 0:00:30]} Rg7 {[%emt 0:00:11]} 59. Rf1 {[%emt 0:00:01]} Kg2 {[%emt 0:00:47]} 60. Ra1 {[%emt 0:00:06]} g5 {[%emt 0:00:19]} 61. Kxe6 {[%emt 0:00:35]} g4 {[%emt 0:00:12]} 62. Kf6 {[%emt 0:00:17]} Rc7 {[%emt 0:00:09]} 63. e5 {[%emt 0:00:13]} Rxc3 {[%emt 0:00:13]} 64. Kf5 {[%emt 0:01:54]} g3 {[%emt 0:00:25]} 65. e6 {[%emt 0:00:05]} Rf3+ {[%emt 0:00:15]} 66. Kg4 {[%emt 0:00:00]} Re3 {[%emt 0:03:11]} 67. Kf4 {[%emt 0:01:20]} Rf3+ {[%emt 0:02:35]} 68. Kg4 {[%emt 0:00:01]} h2 {[%emt 0:00:12]} 69. e7 {[%emt 0:01:03]} Re3 {[%emt 0:00:22]} 70. Ra2+ {[%emt 0:00:29]} Kf1 {[%emt 0:00:21]} 71. Ra1+ {[%emt 0:01:00]} Ke2 {[%emt 0:00:07]} 72. e8=Q {[%emt 0:00:10]} Rxe8 {[%emt 0:00:32]} 73. Kxg3 {[%emt 0:00:09]} Rh8 {[%emt 0:00:09]} 74. Ra2+ {[%emt 0:00:41]} Ke3 {[%emt 0:00:40]} 75. Rxh2 {[%emt 0:00:30]} Rg8+ {[%emt 0:00:00]} 76. Kh4 {[%emt 0:00:00]} Kf3 {[%emt 0:00:18]} 77. Ra2 {[%emt 0:00:00]} 1/2-1/2